The Failure of the Middle East Peace Process? : (Record no. 11449)
[ view plain ]
| 000 -LEADER | |
|---|---|
| fixed length control field | 01935cam a22003734a 4500 |
| 001 - CONTROL NUMBER | |
| control field | 15212549 |
| 005 - DATE AND TIME OF LATEST TRANSACTION | |
| control field | 20081110174306.0 |
| 008 - FIXED-LENGTH DATA ELEMENTS--GENERAL INFORMATION | |
| fixed length control field | 080310s2008 enk b 001 0 eng |
| 010 ## - LIBRARY OF CONGRESS CONTROL NUMBER | |
| LC control number | 2008011114 |
| 020 ## - INTERNATIONAL STANDARD BOOK NUMBER | |
| International Standard Book Number | 9780230507098 (hbk. : alk. paper) |
| 020 ## - INTERNATIONAL STANDARD BOOK NUMBER | |
| International Standard Book Number | 0230507093 (hbk. : alk. paper) |
| 040 ## - CATALOGING SOURCE | |
| Original cataloging agency | DLC |
| Transcribing agency | DLC |
| Modifying agency | DLC |
| 043 ## - GEOGRAPHIC AREA CODE | |
| Geographic area code | e-ie--- |
| -- | a-is--- |
| -- | e-uk-ni |
| -- | f-sa--- |
| 050 00 - LIBRARY OF CONGRESS CALL NUMBER | |
| Classification number | JZ6368 |
| Item number | .F35 2008 |
| 082 00 - DEWEY DECIMAL CLASSIFICATION NUMBER | |
| Classification number | 327.172 |
| Edition number | 22 |
| Item number | FAI |
| 245 04 - TITLE STATEMENT | |
| Title | The Failure of the Middle East Peace Process? : |
| Remainder of title | A Comparative Analysis of Peace Implementation in Israel/Palestine, Northern Ireland and South Africa / |
| Statement of responsibility, etc | edited by Guy Ben-Porat. |
| 260 ## - PUBLICATION, DISTRIBUTION, ETC. (IMPRINT) | |
| Place of publication, distribution, etc | Houndmills, Basingstoke, Hampshire ; |
| -- | New York, N.Y. : |
| Name of publisher, distributor, etc | Palgrave Macmillan, |
| Date of publication, distribution, etc | c2008. |
| 300 ## - PHYSICAL DESCRIPTION | |
| Extent | ix, 279 p. ; |
| Dimensions | 23 cm. |
| 504 ## - BIBLIOGRAPHY, ETC. NOTE | |
| Bibliography, etc | Includes bibliographical references and indexes. |
| 650 #0 - SUBJECT ADDED ENTRY--TOPICAL TERM | |
| Topical term or geographic name as entry element | Pacific settlement of international disputes |
| Form subdivision | Case studies. |
| 9 (RLIN) | 4397 |
| 650 #0 - SUBJECT ADDED ENTRY--TOPICAL TERM | |
| Topical term or geographic name as entry element | Conflict management |
| Form subdivision | Case studies. |
| 9 (RLIN) | 4398 |
| 650 #0 - SUBJECT ADDED ENTRY--TOPICAL TERM | |
| Topical term or geographic name as entry element | Diplomacy |
| Form subdivision | Case studies. |
| 9 (RLIN) | 4399 |
| 650 #0 - SUBJECT ADDED ENTRY--TOPICAL TERM | |
| Topical term or geographic name as entry element | Arab-Israeli conflict. |
| 9 (RLIN) | 4400 |
| 650 #0 - SUBJECT ADDED ENTRY--TOPICAL TERM | |
| Topical term or geographic name as entry element | Irish unification question. |
| 9 (RLIN) | 4401 |
| 651 #0 - SUBJECT ADDED ENTRY--GEOGRAPHIC NAME | |
| Geographic name | Northern Ireland |
| General subdivision | History |
| Chronological subdivision | 1994- |
| 9 (RLIN) | 4402 |
| 651 #0 - SUBJECT ADDED ENTRY--GEOGRAPHIC NAME | |
| Geographic name | South Africa |
| General subdivision | Politics and government |
| Chronological subdivision | 1989-1994. |
| 9 (RLIN) | 4403 |
| 700 1# - ADDED ENTRY--PERSONAL NAME | |
| Personal name | Ben-Porat, Guy. |
| 9 (RLIN) | 4404 |
| 856 42 - ELECTRONIC LOCATION AND ACCESS | |
| Materials specified | Contributor biographical information |
| Uniform Resource Identifier | <a href="http://www.loc.gov/catdir/enhancements/fy0828/2008011114-b.html">http://www.loc.gov/catdir/enhancements/fy0828/2008011114-b.html</a> |
| 856 42 - ELECTRONIC LOCATION AND ACCESS | |
| Materials specified | Publisher description |
| Uniform Resource Identifier | <a href="http://www.loc.gov/catdir/enhancements/fy0828/2008011114-d.html">http://www.loc.gov/catdir/enhancements/fy0828/2008011114-d.html</a> |
| 856 41 - ELECTRONIC LOCATION AND ACCESS | |
| Materials specified | Table of contents only |
| Uniform Resource Identifier | <a href="http://www.loc.gov/catdir/enhancements/fy0828/2008011114-t.html">http://www.loc.gov/catdir/enhancements/fy0828/2008011114-t.html</a> |
| 942 ## - ADDED ENTRY ELEMENTS (KOHA) | |
| Source of classification or shelving scheme | Dewey Decimal Classification |
| Item type | Book - Borrowing |
| Withdrawn status | Item status | Source of classification or shelving scheme | Damaged status | Not for loan | Vendor | Home library | Current library | Shelving location | Date acquired | Source of acquisition | Cost, normal purchase price | Serial Enumeration / chronology | Total Checkouts | Total Renewals | Full call number | Barcode | Date last seen | Date last borrowed | Koha item type |
|---|---|---|---|---|---|---|---|---|---|---|---|---|---|---|---|---|---|---|---|
| Dewey Decimal Classification | MERIC | Central Library | Central Library | First floor | 28/04/2009 | 437.00 | 9083 | 7 | 3 | 327.172 FAI | 000016010 | 15/07/2025 | 30/04/2018 | Book - Borrowing |